000 00471nam a22001697a 4500
005 20260302121923.0
010 _aBACCHEN26
020 _a9788197870446
_c275.00
037 _bPangram Publishers
082 _aN
100 _aSwift, Jonathan
_988000
245 _aGullivers Travel
260 _aDelhi
_bPangram Publishers
_c2025
270 _aA 208, 2nd Floor, North Ex Mall, Sector-9, Rohini
_bDelhi
_e110085
300 _a288.p
_c21cm(pb)
942 _2ddc
_cCH
_mSWI
_hN
999 _c215173
_d215173